000 01284nam a2200169 a 4500
001 000046332
005 20201002052808.0
008 150723s2013 dr ac 000 0 spa d
040 _aDO-SdBNP
_bspa
_cBNPHU
082 _axxxx
_bxxxx
245 0 0 _aCon otra mirada :
_bguía para trabajar la comunicación y la publicidad con enfoques no discriminatorios y no sexistas /
_cpresentación Alejandrina Germán.
260 _aSanto Domingo :
_bMinisterio de la Mujer,
_c2013.
300 _a208 p. :
_bil., retrs. ;
_c27 cm.
504 _aBibliografía : p. 200-208
505 0 _aAntecesdentes de una batallar que comenzó hace tiempo --
_tProfecionales de la comunicación no son robots --
_tLa realidad de los medios no es la realidad --
_tValorar los impactos de la comunicación que hacemos --
_tEl mundo se piensa en palabras --
_tViolencias en los medios --
_tDe humanas y de humanos --
_t¡Qué dificil es ser varón! --
_tLa política si es cosa de mujeres --
_tTodo el mundo quiere lucir bien --
_tOtra publicidad es posible --
_tLos monitoreos --
_tAlgunos ejemplos de situaciones presentes en programas de entretenimiento, variedades y humor --
_gSegunda parte
_tHojas de trabajo: Descubrir verdades --
_gTercera parte
_tTextos para leer después --
700 1 2 _aGermán, Alejandrina,
_epres.
_912096
999 _c45821
_d45821